书目信息 |
| 题名: |
园林绿化工程工程量清单计算规范
|
|
| 作者: | 严珊 主编 | |
| 分册: | ||
| 出版信息: | 南京 江苏科学技术出版社 2013.10 |
|
| 页数: | 78页 | |
| 开本: | 19×26cm | |
| 丛书名: | ||
| 单 册: | ||
| 中图分类: | TU986.3 | |
| 科图分类: | ||
| 主题词: | 园林--yuan lin--绿化--工程造价--建筑规范--中国 , 园林--yuan lin , 绿化--lv hua , 工程造价--gong cheng zao jia , 建筑规范--jian zhu gui fan | |
| 电子资源: | ||
| ISBN: | 978-7-5537-2041-8 | |
| 000 | 01023nam0 2200289 450 | |
| 001 | 0106081819 | |
| 005 | 20201106082044.0 | |
| 010 | @a978-7-5537-2041-8@dCNY22.00 | |
| 100 | @a20140429e20202013em y0chiy50 ea | |
| 101 | 0 | @achi |
| 102 | @aCN@b320000 | |
| 105 | @ak z 000yy | |
| 106 | @ar | |
| 200 | 1 | @a园林绿化工程工程量清单计算规范@Ayuan lin lv hua gong cheng gong cheng liang qing dan ji suan gui fan@f严珊主编 |
| 210 | @a南京@c江苏科学技术出版社@d2013.10@h2020.07 | |
| 215 | @a78页@d19×26cm | |
| 300 | @a工程量清单计价规范新旧条文与实例对照速查速记 | |
| 330 | @a本书分为8章,内容包括:总则、术语、工程量计量、工程量清单编制、园路、园桥工程、园林景观工程、措施项目。 | |
| 606 | 0 | @a园林@Ayuan lin@x绿化@x工程造价@x建筑规范@y中国 |
| 606 | 0 | @a园林@Ayuan lin |
| 606 | 0 | @a绿化@Alv hua |
| 606 | 0 | @a工程造价@Agong cheng zao jia |
| 606 | 0 | @a建筑规范@Ajian zhu gui fan |
| 690 | @aTU986.3@v5 | |
| 701 | 0 | @a严珊@Ayan shan@4主编 |
| 801 | 0 | @aCN@bBJSZM@c20201106 |
| 905 | @b1192132-5@dTU986.3@e1657@f4 | |
| 园林绿化工程工程量清单计算规范/严珊主编.-南京:江苏科学技术出版社,2013.10(2020.07) |
| 78页;19×26cm |
| 工程量清单计价规范新旧条文与实例对照速查速记 |
| ISBN 978-7-5537-2041-8:CNY22.00 |
| 本书分为8章,内容包括:总则、术语、工程量计量、工程量清单编制、园路、园桥工程、园林景观工程、措施项目。 |
| ● |
| 相关链接 |
|
|
|
|
正题名:园林绿化工程工程量清单计算规范
索取号:TU986.3/1657
 
预约/预借
| 序号 | 登录号 | 条形码 | 馆藏地/架位号 | 状态 | 备注 |
| 1 | 1192132 | 211921321 | 第二样本阅览室/ [索取号:TU986.3/1657] | 在馆 | |
| 2 | 1192133 | 211921330 | 第三借阅区/ [索取号:TU986.3/1657] | 在馆 | |
| 3 | 1192134 | 211921349 | 第三借阅区/ [索取号:TU986.3/1657] | 在馆 | |
| 4 | 1192135 | 211921358 | 第三借阅区/ [索取号:TU986.3/1657] | 在馆 |